Science Quiz

Random Science or Biology Quiz

Eponymous Diseases A-Z Quiz Stats

 Plays Quiz Updated Dec 10, 2018

Challenge
Share
Tweet
Embed
Score 0/24 Timer 07:00
0 Plays Today
Description Disease % Correct
A common form of dementia, usually beginning in late middle age, characterized by progressive loss of mental ability.Alzheimer's Disease
94.4%
Congenital disorder caused by the presence of an extra 21st chromosome causing mild mental retardation and a flattened facial profile.Down Syndrome
80.6%
Degeneration of the basal ganglia of the brain due to reduced production of dopamine, resulting in tremors and postural instability.Parkinson's Disease
54.2%
Disease caused by degeneration of motor neurons leading muscles to weaken and atrophy. Often known by this term in North America, named after a famous athlete.Lou Gehrig's Disease (Amyotrophic lateral sclerosis)
52%
Infection with a rod-shaped, Gram-negative enterobacteria often due to food poisoning from unclean food or contaminated chicken eggs.Salmonellosis
47%
Drooping in one side of the face due to malfunction of the facial nerve and inability to control the affected muscles.Bell's Palsy
46.8%
Nervous disorder with symptoms including progressive dementia and involuntary movements, usually appearing in the fourth decade of life.Huntington's Disease
37.2%
A type of incurable and fatal transmissible spongiform encephalopathy in humans similar to 'mad cow disease'.Jakob-Creutzfeldt Disease
26.4%
Autoimmune disease which affects the thyroid, causing it to enlarge and become overactive, with bulging eyes seen in some patients.Graves' Disease
25%
Condition caused by excess corticosteroid hormones in the body, characterized by obesity of the trunk and face.Cushing's Syndrome
24.1%
Genetic disorder with increased prevalence among Ashkenazi Jews where harmful quantities of fatty gangliosides accumulate in the brain.Tay-Sachs Disease
24.1%
Chronic disease in which copper accumulates in tissues such as the brain, liver, and cornea, resulting in a brownish ring around the iris.Wilson's Disease
18.2%
Description Disease % Correct
Disorder of the inner ear affecting hearing and balance, linked to surplus of lymph fluid in the lymphatic systems of one or both ears.Ménière's Disease
13.5%
Disorder that affects collagen structure and function, forming abnormally weak connective tissues and hyperextensible skin.Ehlers-Danlos Syndrome
10.9%
Lack of thiamine (Vitamin B1) in the brain causing anterograde amnesia and tendency for confabulation, often seen in chronic alcoholism.Korsakoff's Syndrome
10.7%
Common hereditary coagulation abnormality due to lack of an important protein factor needed for proper platelet adhesion.Von Willebrand Disease
10.1%
Disorder where increased levels of the hormone gastrin are produced, causing the stomach to produce excess hydrochloric acid, often due to a pancreatic or duodenal tumor.Zollinger-Ellison Syndrome
7.5%
Childhood developmental disorder almost exclusively affecting girls, who develop stereotypic hand-wringing movements and loss of speech.Rett Syndrome
7.1%
Inherited disorder affecting blood which leads to bone marrow failure and increased sensitivity to DNA cross-linking agents.Fanconi Anemia
7%
Spasms in the sphincter at the opening of the common bile duct into the duodenum, causing pain and jaundice.Oddi's Syndrome
6.3%
Inflammation of the mucous sheaths of the tendons on the back of the wrist, causing soreness and difficulty gripping.De Quervain Syndrome
5.5%
Genetic disorder with autosomal dominant inheritance leading to congenital heart defect. Patients share similar physical traits as those with Turner's syndrome.Noonan Syndrome
4.9%
Genetic disorder that is a leading cause of deafblindness, associated with a defective inner ear and degeneration of retinal cells.Usher Syndrome
2.3%
Peripheral nerve disease which causes hyperactivity of the muscles, cramping, and rippling muscle movements.Isaacs' Syndrome
1.2%

You're not logged in!

Compare scores with friends on all Sporcle quizzes.
OR
Log In

You Might Also Like...

Show Comments

Extras

Top Quizzes Today


Score Distribution

Your Account Isn't Verified!

In order to create a playlist on Sporcle, you need to verify the email address you used during registration. Go to your Sporcle Settings to finish the process.

Report this User

Report this user for behavior that violates our Community Guidelines.

Details: